| 000 | 00792nam a2200229 a 4500 | ||
|---|---|---|---|
| 001 | BRCA_4667 | ||
| 005 | 20190320204746.0 | ||
| 008 | 300910c2001----sp-#######---#000-0#spa-# | ||
| 020 | _a8488333528 | ||
| 050 | 4 |
_aPQ6388 _b.D39 2001 |
|
| 100 | 1 |
_aDíaz, Juan _911830 |
|
| 245 | 1 | 0 |
_aLisuarte de Grecia _b(Sevilla, Jacobo y Juan Cromberger, 1526) : guía de lectura _cde Juan Díaz y Emilio Sales Dasí. |
| 260 |
_aAlcalá de Henares [España] _bCentro de Estudios Cervantinos _c2001 |
||
| 300 |
_a126 p. _c24 cm. |
||
| 440 | 0 |
_aGuías de lectura caballeresca _v21 _911831 |
|
| 500 | _aIncluye índice general de la colección | ||
| 504 | _aBibliografía: p. [121] | ||
| 650 | 1 | 4 |
_aLiteratura _zEspaña _911832 |
| 700 | 1 |
_aSales Dasí, Emilio José _911833 |
|
| 902 | _aCERV | ||
| 942 |
_2lcc _cB |
||
| 999 |
_c4368 _d4368 |
||